000 00715nam a2200205 4500
003 OSt
005 20240717082445.0
006 a
008 240717b |||||||| |||| 00| 0 eng d
020 _a9781585282005
040 _aDWCL-Main lib.
_cOC
082 _22007-2008 edition
_aCirc. 615 B561 2007
245 _aBest practices for hospital & health-system pharmacy: positions and guidance documents of ASHP /
260 _aBethesda, Maryland:
_bASHP,
_cc2007.
300 _axix,
_c571 p. ;
_b28 cm.
504 _aIncludes bibliographical references and index.
650 _a1. Hospital pharmacies-Standards-United States.
650 _a2. Pharmacy-Standards-United States.
942 _2ddc
_n0
_cBK-CIRC
_kCirc.
999 _c2331
_d2331